| 000 | 006740000a22001930004500 | ||
|---|---|---|---|
| 090 |
_aAR _b00439 |
||
| 245 | 1 | 0 | _aRoosting site selection by Artibeus watsoni (<Chiroptera: Phyllostomidae>) on Anthurium ravenii (<Araceae>) in Costa Rica |
| 650 | 1 | 4 |
_aMurciélagos _92659 |
| 650 | 1 | 4 |
_aRelación planta-animal _992861 |
| 650 | 1 | 4 |
_aUso del habitat _93825 |
| 651 | 4 |
_pCosta Rica _992749 |
|
| 653 |
_fPhyllostomidae _gArtibeus _eArtibeus watsoni |
||
| 653 |
_fAraceae _gAnthurium _eAnthurium ravenii |
||
| 041 | 0 | _aInglés | |
| 700 | 1 |
_aTimm, Robert M. _993403 |
|
| 100 | 1 |
_aChoe, Jae C. _993407 |
|
| 942 | _cARTICULO | ||
| 773 | 1 |
_tJournal of Tropical Ecology _312 _h1 _q241-247 _d1985 |
|
| 999 |
_c9535 _d9535 |
||